000 00438nam a2200181Ia 4500
001 8133
005 20260306160546.0
008 260306t2006||||xx |||||||||||||| ||spa||
041 _aESP
082 _a370.114
_bE79 V. 4
100 _aBiosca, Anna
_eAUT
245 0 _aEscuela de actividades y valores:
_bcompartir
260 _c2006
300 _a104 páginas :
_c29 cm.
650 _aGEN
654 _aCED
942 _cLIB
_dJUS
_fJUS
_2ddc
_n
999 _c8133
_d8133